000
00246nam a2200109Ia 4500
008
260210s9999 xx 000 0 und d
020
_a
9788499362632
100
_a
Misc
245
0
_a
Kolon: Lighting (500 Tricks)
260
_b
Loft
942
_c
BDES
999
_c
14099
_d
14099